| 000 | 00536nam a22001817a 4500 | ||
|---|---|---|---|
| 999 |
_c6084 _d6084 |
||
| 003 | OSt | ||
| 005 | 20240229181836.0 | ||
| 008 | 130412s2005 sp ||||| |||| 00| 0 cat d | ||
| 020 | _a8493459003 | ||
| 040 |
_cCDMR _bcat |
||
| 100 | 1 |
_9555 _aSolà i Dachs, Lluís |
|
| 245 | 1 | 3 |
_aLa caricatura política i social a Catalunya _b: 1865-2005 _c/ Lluís Solà i Dachs |
| 260 |
_a[Barcelona]: _bDuxelm, _c2005 |
||
| 300 |
_a224 p. _bil. |
||
| 490 | 0 |
_aDuxartis _v; 2 |
|
| 650 | 0 | 4 |
_93084 _aHumorisme gràfic _zCatalunya _y1865-2005 |
| 942 |
_2udc _cMON |
||